| 000 | 00386nam a22001577a 4500 | ||
|---|---|---|---|
| 003 | OSt | ||
| 005 | 20250908144113.0 | ||
| 007 | 1370 | ||
| 008 | 250908b |||||||| |||| 00| 0 eng d | ||
| 040 | _c | ||
| 082 |
_a621.3815 _bNEA |
||
| 245 |
_aMicroelectronics Circuits and Design _cDonald A Neamen |
||
| 250 | _a4 | ||
| 260 |
_bMcgraw hill _c2010 |
||
| 942 |
_2ddc _cBK _e4 _k621.3815 _mNEA _n0 |
||
| 999 |
_c36249 _d36249 |
||